• 首页
  • 本馆介绍
  • 公告通知
  • 最新文献
  • 馆藏检索
  • 电子资源
  • 读者导购
  • 参考咨询
  • 我的图书馆
  • 登录
  • 详细信息显示
  • 放入我的书架
  • 预约/预借图书
  • 作者相关作品
  • 分类相关作品
  • 丛书相关作品
  • 出版社相关作品

书目信息

  • 表格格式
  • 工作单格式
  • 卡片格式
题名:
植物化石
    
 
作者: 科利尔 , 托马斯 著 ;王祺 , 高天刚 译
分册:  
出版信息: 桂林   广西师范大学出版社  2003
页数: 317页
开本: 24cm
丛书名:
单 册:
中图分类: Q914.2
科图分类:
主题词: 植物化石
电子资源:
ISBN: 7-5633-3793-8
000 00913nam0 2200265 45
001 0198028978
005 20031219104122.7
010    @a7-5633-3793-8@dCNY29.80
100    @a19980527d2003 em y0chiy0121 ea
101 0  @achi@ceng
102    @aCN@b110000
105    @aa z 000yy
200 10 @a植物化石@AZhi Wu Hua Shi@e陆生植被的历史@ELu Sheng Zhi Bei De Li Shi@f(英)克里什托夫·科利尔,巴瑞·托马斯著@F(Ying)Ke Li Shen Tuo Fu·Ke Li Er,Ba Rui·Tuo Ma Si Zhu@g王祺,高天刚译
210    @a桂林@c广西师范大学出版社@d2003
215    @a317页@c附图@d24cm
300    @a附录一:维管植物的分类;附录二:进一步阅读
517    @a陆生植被的历史@ALu Sheng Zhi Bei De Li Shi
606 0  @a植物化石
690    @aQ914.2@v4
701  0 @a科利尔@4著
701  0 @a托马斯@4著
702  0 @a王祺@AWang Qi@4译
702  0 @a高天刚@AGao Tian Gang@4译
801    @aCN@bTSTC@c20031210
905    @b329795-799@dQ914.2@e15@f5
    
    植物化石:陆生植被的历史/(英)克里什托夫·科利尔,巴瑞·托马斯著/王祺,高天刚译.-桂林:广西师范大学出版社,2003
    317页:附图;24cm
    附录一:维管植物的分类;附录二:进一步阅读
    
    ISBN 7-5633-3793-8:CNY29.80
    
●
相关链接 在E读中查询图书 在五车中查询图书 在当当中查询图书 在豆瓣中查询图书


正题名:植物化石     索取号:Q914.2/15         预约/预借

序号 登录号 条形码 馆藏地/架位号 状态 备注
1 0329795   203297958   第三借阅区/ [索取号:Q914.2/15] 在馆    
2 0329796   203297967   第三借阅区/ [索取号:Q914.2/15] 在馆    
3 0329797   203297976   第三借阅区/ [索取号:Q914.2/15] 在馆    
4 0329798   203297985   第三借阅区/ [索取号:Q914.2/15] 在馆    
5 0329799   203297994   第二样本阅览室/ [索取号:Q914.2/15] 在馆    
唐山师范学院图书馆 欢迎您!
大连网信软件有限公司© 版权所有